| 000 | 00911nam0a22002531 4500 | ||
|---|---|---|---|
| 001 | rc\4283615 | ||
| 005 | 20260407111026.0 | ||
| 021 |
_aRU _b[59-12159] |
||
| 035 | _a(NLR Aleph) 008493805 | ||
| 090 |
_a8065813 _c8065813 |
||
| 100 | _a20130416d1958 |||y0rusy50 ca | ||
| 101 | 0 | _arus | |
| 102 | _aRU | ||
| 105 | _aa z ||||| | ||
| 200 | 1 |
_aАльбом специальной и рабочей одежды _fСовет нар. хозяйства Моск. (гор.) экон. адм. района. Общесоюзный дом моделей одежды |
|
| 210 |
_aМосква _cЦБТИ _d1958 |
||
| 215 |
_a276 с. _cил. _d29 |
||
| 606 |
_aСпецодежда _xМодели _2psbo |
||
| 712 | 0 | 2 |
_aВсесоюзный дом моделей одежды _3RU\NLR\AUTH\889938468 _9371782 |
| 801 | 0 |
_aRU _bNLR _gpsbo |
|
| 801 | 1 |
_aRU _bELAR _2rusmarc |
|
| 852 |
_aNLR _j59-8/713 |
||
| 942 | _cBOOK | ||
| 980 | _aNB | ||